| 000 | 01629nam a2200313 a 4500 | ||
|---|---|---|---|
| 001 | BRCA_5026 | ||
| 005 | 20190320204917.0 | ||
| 008 | 011110s1835----mx-######v---#000-0#spa-# | ||
| 041 | _aspa | ||
| 044 | _amx | ||
| 084 |
_aDOC97 _b.G67 _c1835 |
||
| 100 | 1 |
_aGoroztiza y Cepeda, Manuel María del Pilar Eduardo _d1789-1851 _912829 |
|
| 245 | 1 | 0 |
_aDocumento expedido para Eduardo Goroztiza _cEduardo, Goroztiza, Gutierrez Estrada |
| 260 |
_aMéxico _c1835 |
||
| 300 |
_a[3] fojas _c30 x 21 cm |
||
| 500 | _aDocumento expedido el 18 de abril de 1835 | ||
| 500 | _aGutierréz Estrada escribe a Eduardo Goroztiza comunicándole su nombramiento como agregado a la Legación Mexicana que recide cerca del Rey de Prusia con el sueldo que tiene asignado como escribiente cuarto, mientras no se presentara una plaza en las Legaciones de Europa. Firma Gutierréz de Estrada | ||
| 500 | _aEl documento contiene la leyenda DOC. #258 | ||
| 500 | _aAl márgen: PRIMERA SECRETARIA DE ESTADO. DEPARTAMENTO DEL EXTERIOR. México 18 de abril de 1835 | ||
| 500 | _aEstado de conservación: el documento contiene manchas de acidificación | ||
| 506 | 0 | _aFondo reservado: para su consulta es necesario credencial de usuario y carta de motivos | |
| 546 | _aTexto en: español de mediados del siglo XIX | ||
| 600 | 1 | 4 |
_aGoroztiza y Cepeda, Manuel María del Pilar Eduardo _d1789-1851 _912829 |
| 650 | 1 | 4 |
_aRelaciones internacionales _xDocumentos legales _912830 |
| 651 | 4 |
_aMéxico _vImpreso con rúbricas _xHistoria _yFederalismo y centralismo, 1824-1853 _912485 |
|
| 700 | 1 |
_aGutierréz de Estrada _912831 |
|
| 902 | _aFDH | ||
| 942 |
_2lcc _cD |
||
| 999 |
_c4720 _d4720 |
||